|
|
|
|
| LEADER |
01192nam a22003732a 4500 |
| 001 |
001615974 |
| 003 |
CZ BrMZK |
| 005 |
20240221085224.0 |
| 007 |
ta |
| 008 |
180212s1968 xo erf||||||||||slo d |
| 040 |
|
|
|a BOA001
|b cze
|e aacr2
|
| 041 |
0 |
|
|a slo
|b ger
|b jun
|
| 043 |
|
|
|a e-xo---
|
| 072 |
|
7 |
|a 72
|x Architektura
|2 Konspekt
|9 21
|
| 080 |
|
|
|a 728.81
|2 MRF
|
| 080 |
|
|
|a 7.025.21
|2 MRF
|
| 080 |
|
|
|a (437.6)
|2 MRF
|
| 080 |
|
|
|a (036)
|2 MRF
|
| 100 |
1 |
|
|a Badík, Milan
|4 aut
|
| 245 |
1 |
0 |
|a Thurzov hrad v Gelnici /
|c [aut.:] M. Badík, J. Bernáth
|
| 260 |
|
|
|a Prešov :
|b Krajské stredisko štátnej pamiatkovej starostlivosti,
|c [1968]
|
| 300 |
|
|
|a 29 s.
|
| 504 |
|
|
|a Obsahuje bibliografii
|
| 546 |
|
|
|a Maďarské a německé resumé
|
| 610 |
2 |
4 |
|a Gelnica (hrad)
|
| 650 |
0 |
7 |
|a hrady
|7 ph120854
|z Slovensko
|2 czenas
|
| 650 |
0 |
7 |
|a zříceniny
|7 ph127767
|z Slovensko
|2 czenas
|
| 651 |
|
7 |
|a Gelnica (Slovensko)
|7 ge649559
|2 czenas
|
| 655 |
|
7 |
|a informační publikace
|7 fd132454
|2 czenas
|
| 700 |
1 |
|
|a Bernáth, J.
|4 aut
|
| 910 |
|
|
|a BOA001
|b X-0604.005
|
| 990 |
|
|
|a BK
|
| 991 |
|
|
|b 201802
|
| 996 |
7 |
|
|b 2618927994
|c X-0604.005
|l MZK
|r Sklad / do 24 hodin
|n 1
|w 001651579
|u 000010
|a 1
|e BOA001
|j MZK50
|s A
|